Male Choruses

Hlavní autor: Janáček, Leoš, 1854-1928
Korporativní autor: Pražský filharmonický sbor
Další autoři: Jankovský, Zdeněk, 1922-2014, Veselka, Josef, 1910-1992, Holeňa, Jiří, 1930-1997
Jazyk: Čeština
Vydáno: Praha : Supraphon Records, p1978, p1995
Témata:
Fyzický popis: 1 CD : stereo, AAD ; 12 cm + 1 brožura (11 s.).
Zvukové nahrávky
Uloženo v:
LEADER 01984njm a2200541 a 4500
001 000267133
003 CZ BrMZK
005 20020623173820.0
008 010907s1995 xr f cze d
028 0 3 |a Su 3022-2 211  |b Supraphon Records 
040 |a BOA001  |b cze 
080 |a 784.1.087.683(086.7)  |2 MRF 
100 1 |a Janáček, Leoš,  |d 1854-1928  |7 jk01050745  |4 cmp 
245 1 0 |a Male Choruses  |h [zvukový záznam] /  |c Leoš Janáček. 
246 3 |a 3 mužské sbory 
246 3 |a 4 mužské moravské sbory 
246 3 |a 70.000 
246 3 |a Four Moravian male-voice choruses 
246 3 |a Three male-voice choruses 
246 3 2 |a 3 male-voice choruses 
246 3 2 |a 4 Moravian male-voice choruses 
246 3 2 |a Kantor Halfar 
246 3 2 |a Maryčka Magdónova 
246 3 2 |a Mužské sbory 
246 3 3 |a Potulný šílenec 
246 3 3 |a Sedmdesát tisíc 
246 3 3 |a <<The >>Czech legion 
246 3 3 |a <<The >>wandering madman 
246 3 3 |a Tři mužské sbory 
246 3 3 |a Česká legie 
246 3 3 |a Čtvero mužských sborů moravských 
260 |a Praha :  |b Supraphon Records,  |c p1978, p1995 
300 |a 1 CD :  |b stereo, AAD ;  |c 12 cm +  |e 1 brožura (11 s.). 
306 |a 011720 
500 |a Durata 77:20 
500 |a Text v brožuře vícejaz. 
500 |a Nahr. 1977 
505 2 |a Kantor Halfar, Maryčka Magdónova, Potulný šílenec...[et al.] 
511 0 |a Zdeněk Jankovský, tenor; Jiří Holeňa, baryton. Pražský filharmonický sbor, sbm. Josef Veselka 
653 0 |a mužské sbory 
700 1 |a Jankovský, Zdeněk,  |d 1922-2014  |7 jn20000401194 
700 1 |a Veselka, Josef,  |d 1910-1992  |7 jk01142103  |4 cnd 
700 1 |a Holeňa, Jiří,  |d 1930-1997  |7 jn19990216066  |4 prf 
710 2 |a Pražský filharmonický sbor  |7 kn20010710280  |4 prf 
910 |a BOA001  |b CD-0003.247 
964 |a Sbory mužské a cappella  |x CD 
990 |a AV 
996 6 |b 261H003283  |c CD-0003.247  |l MZK  |r Sklad / do 24 hodin  |n 2  |w 000267133  |u 000010  |a 1  |e BOA001  |j MZK50  |s P